[Event "Golden Cleopatra op"]
[Site "Cairo"]
[Date "2016.12.16"]
[Round "4"]
[White "Elhamady, Ahmed"]
[Black "Ameir, Moheb"]
[Result "0-1"]
[WhiteElo "2036"]
[BlackElo "2421"]
[PlyCount "94"]
[EventDate "2016.12.13"]
[EventType "swiss"]
[EventRounds "10"]
[EventCountry "EGY"]
[SourceTitle "CBM 176 Extra"]
[Source "ChessBase"]
[SourceDate "2017.03.02"]
[SourceVersion "1"]
[SourceVersionDate "2017.03.02"]
[SourceQuality "1"]

1. e4 c5 2. Nf3 Nc6 3. d4 cxd4 4. Nxd4 e6 5. Nc3 Qc7 6. Be2 a6 7. a4 Nf6 8. Be3 Bb4 9. Bf3 Ne5 10. Nde2 d5 11. exd5 Nxf3+ 12. gxf3 Nxd5 13. Qd4 f6 14. Kf1 Nxe3+ 15. fxe3 Bc5 16. Qc4 0-0 17. Ne4 Bb6 18. Qxc7 Bxc7 19. Kf2 f5 20. N4c3 Bd7 21. Rad1 Rad8 22. Rd2 Bc6 23. Rxd8 Rxd8 24. Nd4 Bd7 25. Rd1 Bc8 26. h3 Kf7 27. Nb3 Rxd1 28. Nxd1 e5 29. Nc3 f4 30. Nd5 fxe3+ 31. Kxe3 Bd6 32. c4 Bxh3 33. Nd2 Bc5+ 34. Ke4 Ke6 35. Nc7+ Kd6 36. Ne8+ Ke7 37. Nxg7 Bd4 38. b3 Kf6 39. Ne8+ Ke7 40. Ng7 Kf6 41. Ne8+ Kf7 42. Nc7 Bc3 43. Kd3 Bxd2 44. Kxd2 Bd7 45. Ke3 Bf5 46. f4 exf4+ 47. Kxf4 Bc2 0-1